ნორმალური ფორმატი
MARC ფორმატი
ჩანაწერი Personal Name
ჩანაწერთა რაოდენობა, რომელიც გამოყენებულია: 1
001 - CONTROL NUMBER
- control field: 9741
003 - CONTROL NUMBER IDENTIFIER
- control field: GE_BSU
005 - DATE AND TIME OF LATEST TRANSACTION
- control field: 20201123215852.0
008 - FIXED-LENGTH DATA ELEMENTS
- fixed length control field: 201123|| aca||aabn | a|a d
040 ## - CATALOGING SOURCE
- Original cataloging agency: GE_BSU
- Transcribing agency: GE_BSU
100 ## - HEADING--PERSONAL NAME
- Personal name: ხარებავა, მადონა
- Relator term: რედაქტორ-შემდგენელი
670 ## - SOURCE DATA FOUND
- Source citation: Work cat.: (GE_BSU)53368: განათლება და დასაქმება-გზა შეზღუდული შესაძლებლობის მქონე პირთა ინტეგრაციისაკენ = Education and employment-the way to integration of persons with disabilities
